000 00677nam a2200253Ia 4500
003 OSt
005 20220918224536.0
006 a|||||r|||| 00| 0
007 ta
008 220917b |||||||| |||| 00| 0 eng d
024 _a229,854
037 _cTextual
040 _aARTS
_cARTS
_beng
041 _2eng
_aeng
082 _aS0aL, P6
100 _aSarafino Edward P.
_9141902
245 0 _aHealth psychology
_b Biopsychosocial interactions
250 _a5th
260 _aNew Jersey
_b John Wiley & sons. inc.
_c2006
300 _axix, 550p
_ccm.
650 _aPSYCHOLOGY
942 _hS0aL, P6
_cTEXL
_2CC
999 _c281574
_d281574